Loading...
| Current Events | 2 | 15.00 | 100% | 50% | 0% |
| Fine Arts - Auditory Fine Arts | 4 | 15.00 | 75% | 50% | 25% |
| Fine Arts - Other Fine Arts | 7 | 10.00 | 86% | 14% | 0% |
| Fine Arts - Visual Fine Arts | 3 | 13.33 | 100% | 33% | 0% |
| Geography | 2 | 20.00 | 100% | 100% | 0% |
| History - American History | 5 | 6.00 | 60% | 0% | 0% |
| History - European History | 5 | 10.00 | 80% | 20% | 0% |
| History - Other History | 5 | 14.00 | 80% | 60% | 0% |
| History - World History | 2 | 15.00 | 100% | 50% | 0% |
| Literature - American Literature | 3 | 10.00 | 33% | 67% | 0% |
| Literature - British Literature | 4 | 17.50 | 100% | 25% | 50% |
| Literature - European Literature | 4 | 15.00 | 100% | 25% | 25% |
| Literature - World Literature | 3 | 13.33 | 100% | 33% | 0% |
| Mythology | 3 | 20.00 | 100% | 33% | 67% |
| Other Academic | 3 | 10.00 | 100% | 0% | 0% |
| Philosophy | 4 | 20.00 | 100% | 50% | 50% |
| Religion | 3 | 13.33 | 67% | 67% | 0% |
| Science - Biology | 5 | 12.00 | 80% | 20% | 20% |
| Science - Chemistry | 4 | 10.00 | 100% | 0% | 0% |
| Science - Other Science | 2 | 15.00 | 100% | 50% | 0% |
| Science - Physics | 3 | 10.00 | 100% | 0% | 0% |
| Social Science | 3 | 20.00 | 100% | 33% | 67% |